000 01014 a2200217 4500
003 Nust
005 20220722143829.0
010 _a 2002021594
020 _a1580533272
040 _cNust
082 0 0 _a005.1,BUI
245 0 0 _aBuilding reliable component-based software systems /
_cIvica Crnkovic, Magnus Larsson, editors.
260 _aBoston :
_bArtech House,
_cc2002.
300 _axxxvii, 413 p. :
_bill. ;
_c24 cm.
505 _aPart-1: The Definition and Specification of Components (Page-1), Part-2: Software Architecture and Components (Page-39), Part-3: Developing Software Components (Page-87), Part-4: Using Software Components (Page-155), Part-5: Software Product Lines (Page-205), Part-6: Real-Time Software Components (Page-237), Part-7: Case Studies-CBD in Industrial Applications (Page-299)
650 0 _aComponent software
_xReliability.
_994607
650 0 _aSoftware engineering.
_92256
700 1 _aCrnkovic, Ivica.
_994608
700 1 _aLarsson, Magnus
_d1969-
_994609
942 _cREF
_2ddc
999 _c174838
_d174838